Europa Leauge (eh. UEFA-Cup) Sieger - Statistiken

Allgemein
  • Dieses Quiz wurde 253 mal gespielt
  • Das Durchschnittsergebnis liegt bei 21 aus 51
Antwortstatistiken
Hint Antwort % Korrekt
2019/2020 Sevilla
86%
2015/2016 Sevilla
86%
2014/2015 Sevilla
86%
2013/2014 Sevilla
86%
2006/2007 Sevilla
86%
2005/2006 Sevilla
86%
2021/2022 Eintracht Frankfurt
71%
1979/1980 Eintracht Frankfurt
71%
2016/2017 Manchester United
71%
2018/2019 Chelsea
69%
2012/2013 Chelsea
69%
1995/1996 Bayern München
58%
2017/2018 Atlético Madrid
55%
2011/2012 Atlético Madrid
55%
2009/2010 Atlético Madrid
55%
1991/1992 Ajax
53%
1997/1998 Inter Mailand
51%
1993/1994 Inter Mailand
51%
1990/1991 Inter Mailand
51%
1996/1997 Schalke 04
51%
1985/1986 Real Madrid
48%
1984/1985 Real Madrid
48%
2000/2001 Liverpool
46%
1975/1976 Liverpool
46%
1972/1973 Liverpool
46%
2020/2021 Villarreal
46%
1992/1993 Juventus Turin
41%
1989/1990 Juventus Turin
41%
1976/1977 Juventus Turin
41%
2010/2011 Porto
37%
2002/2003 Porto
37%
2003/2004 Valencia
36%
1978/1979 Borussia Mönchengladbach
30%
1974/1975 Borussia Mönchengladbach
30%
1977/1978 PSV Eindhoven
25%
1999/2000 Galatasaray
23%
2007/2008 Zenit St. Petersburg
21%
2001/2002 Feyenoord Rotterdam
20%
1973/1974 Feyenoord Rotterdam
20%
2004/2005 ZSKA Moskau
15%
1988/1989 Napoli
13%
1982/1983 Anderlecht
12%
1987/1988 Bayer 04 Leverkusen
12%
1983/1984 Tottenham Hotspur
12%
1971/1972 Tottenham Hotspur
12%
1998/1999 Parma
11%
1994/1995 Parma
11%
2008/2009 Schachtar Donezk
6%
1986/1987 IFK Göteborg
5%
1981/1982 IFK Göteborg
5%
1980/1981 Ipswich Town
3%
Keine übereinstimmenden Quizze gefunden
Verteilung der Resultate
Anzahl Personen mit jedem Resultat
Perzentil nach korrekt beantworteten Fragen
Ihre Resultats-Entwicklung
Sie haben dieses Quiz noch nicht gespielt